| 000 | 00890nam a2200241 a 4500 | ||
|---|---|---|---|
| 001 | 968 | ||
| 003 | BR-CuiBMT | ||
| 005 | 20231124011718.0 | ||
| 008 | 231122s2015 spba 000 0 por d | ||
| 020 | _a9788597000054 | ||
| 040 |
_aBR-CuiBMT _cBR-CuiBMT |
||
| 080 |
_22007 _a658.56:35 |
||
| 090 |
_a658.56:35 _bA496g |
||
| 100 | 1 | _aAmbrozewicz, Paulo Henrique Laporte | |
| 245 | 1 | 0 |
_aGestão da qualidade na administração pública : _bhistórico, PBQP, conceitos, indicadores, estratégia, implantação e auditoria / _cPaulo Henrique Laporte Ambrozewicz. |
| 260 |
_aSão Paulo : _bAtlas, _c20125 |
||
| 300 |
_axi, 196 p. : _bil. ; _c24 cm |
||
| 504 | _aInclui bibliografia. | ||
| 650 |
_aControle de qualidade _zAdministração pública |
||
| 650 |
_aGestão da qualidade total _zAdministração pública |
||
| 650 |
_aControle de produção _zAdministração pública |
||
| 942 |
_2udc _cLV |
||
| 999 |
_c968 _d968 |
||